LEADER 01157nam0 22003133i 450 001 RMS2306744 005 20251003044346.0 010 $a9780470232866 100 $a20120911d2008 ||||0itac50 ba 101 | $aeng 102 $aus 181 1$6z01$ai $bxxxe 182 1$6z01$an 200 1 $aˆAn ‰introduction to linear programming and game theory$fPaul R. Thie, G. E. Keough 205 $a3. ed 210 $aHoboken$cJohn Wiley & Sons$dc2008 215 $aXIV, 460 p.$cill.$d24 cm. 606 $aProgrammazione lineare$2FIR$3CFIC040266$9E 676 $a519.7$9Probabilità e matematica applicata. Programmazione$v21 700 1$aThie$b, Paul R.$3MILV005719$4070$040961 701 1$aKeough$b, G.E.$3RMSV907101$4070$0771740 801 3$aIT$bIT-000000$c20120911 850 $aIT-BN0095 901 $bNAP 01$cM/S $n$ 912 $aRMS2306744 950 0$aBiblioteca Centralizzata di Ateneo$c1 v.$d 01M/S (C) 22 185$e 01C 0800221855 VMA 1 v.$fY $h20120911$i20120911 977 $a 01 996 $aIntroduction to linear programming and game theory$91574972 997 $aUNISANNIO LEADER 02824oas 2201201 a 450 001 9910154531103321 005 20260127110041.0 011 $a1365-2370 035 $a(DE-599)ZDB2005165-7 035 $a(OCoLC)41391607 035 $a(CONSER) 2004233477 035 $a(CKB)954925579096 035 $a(DE-599)2005165-7 035 $a(EXLCZ)99954925579096 100 $a19990519b19912004 sy 101 0 $aeng 135 $aurmnu|||||||| 181 $ctxt$2rdacontent 182 $cc$2rdamedia 183 $acr$2rdacarrier 200 10$aEuropean journal of immunogenetics 210 $a[Oxford] $cBlackwell Science$d-[2004] 300 $aRefereed/Peer-reviewed 311 08$a0960-7420 606 $aImmunogenetics$vPeriodicals 606 $aGenetics 606 $aImmunogenetics 606 $aAllergy and Immunology 606 $aImmune System 606 $aImmunoge?ne?tique$vPe?riodiques 606 $aSyste?me immunitaire 606 $aImmunogenetics$2ebps 606 $aImmunogenetics$2fast$3(OCoLC)fst00967949 606 $aImmunoge?ne?tique$2rasuqam 608 $aPeriodical. 608 $aPeriodicals.$2fast 608 $aPe?riodique e?lectronique (Descripteur de forme)$2rasuqam 608 $aRessource Internet (Descripteur de forme)$2rasuqam 615 0$aImmunogenetics 615 2$aGenetics. 615 2$aImmunogenetics. 615 2$aAllergy and Immunology. 615 2$aImmune System. 615 6$aImmunoge?ne?tique 615 6$aSyste?me immunitaire. 615 7$aImmunogenetics. 615 7$aImmunogenetics. 615 7$aImmunoge?ne?tique. 676 $a571.9648 801 0$bF#A 801 1$bF#A 801 2$bGUA 801 2$bFQM 801 2$bAGL 801 2$bTXA 801 2$bUQ1 801 2$bGUA 801 2$bUKMGB 801 2$bOCLCO 801 2$bOCLCF 801 2$bVT2 801 2$bOCL 801 2$bOCLCQ 801 2$bWT2 801 2$bOCLCO 801 2$bUEJ 801 2$bOCLCO 801 2$bOCLCQ 801 2$bBUF 801 2$bOCLCO 801 2$bU3W 801 2$bOCLCO 801 2$bOCLCQ 801 2$bTOF 801 2$bOCLCO 801 2$bAU@ 801 2$bOCLCO 801 2$bWYU 801 2$bOCLCO 801 2$bOCLCA 801 2$bOCLCQ 801 2$bOCLCO 801 2$bNJT 801 2$bOCLCA 801 2$bOCLCQ 801 2$bOCLCO 801 2$bOCLCA 801 2$bSRU 801 2$bOCLCA 801 2$bBWN 801 2$bMM9 801 2$bOCLCQ 801 2$bOCLCL 801 2$bUAB 801 2$bCCO 801 2$bCSU 801 2$bLIP 801 2$bXFH 801 2$bOCLCQ 906 $aJOURNAL 912 $a9910154531103321 996 $aEuropean journal of immunogenetics$92157067 997 $aUNINA